000 01707nam0a22003371 4500
001 rc\3438576
005 20260406141423.0
021 _aRU
_b[70-21441]
035 _a(NLR Aleph) 007589069
090 _a5591327
_c5591327
100 _a20130115d1969 |||y0rusy50 ca
101 0 _arus
102 _aRU
105 _ay z |||||
200 1 _aГексокиназный тест
_eДля диагностики рака желудка и некоторых опухолевых заболеваний системы крови
_eМетод. инструкция
_fИн-т эксперим. медицины АМН СССР. Науч.-исслед. ин-т онкологии им. проф. Н.Н. Петрова МЗ СССР
210 _aЛенинград
_cБ. и.
_d1969
215 _a13 с.
_d20
300 _aНа обороте тит. л. сост.: С.А. Нейфах, И.Ф. Грех, Н.К. Монахов, З.В. Малеева
320 _aБиблиогр. в конце текста
606 _aРак желудка
_xДиагностика лабораторная
_2psbo
606 _aОпухоли кроветворных органов, злокачественные
_xДиагностика лабораторная
_2psbo
702 1 _aМонахов
_bН.К.
_4220
702 1 _aМалеева
_bЗ.В.
_4220
702 1 _aГрех
_bИ.Ф.
_4220
702 1 _aНейфах
_bС.А.
_gСоломон Абрамович
_4220
712 0 2 _aИнститут экспериментальной медицины
_cЛенинград
_3RU\NLR\AUTH\889920469
_9337153
801 0 _aRU
_bNLR
_gpsbo
801 1 _aRU
_bELAR
_2rusmarc
852 _aNLR
_j70-4/3849
942 _cBOOK
980 _aNB